| 000 | 01435cam a22003854a 4500 | ||
|---|---|---|---|
| 001 | 14069273 | ||
| 003 | 000 | ||
| 005 | 20170726115131.0 | ||
| 007 | 000 | ||
| 008 | 050809s2005 dcua b 001 0 eng | ||
| 010 | _a 2005043452 | ||
| 020 | _a0821361937 | ||
| 020 | _a9780821361931 | ||
| 040 |
_aUOEL _cDLC _dDLC |
||
| 042 | _apcc | ||
| 043 |
_aee----- _ae-ur--- |
||
| 050 | 0 | 0 |
_aHC244.Z9 _bP6123 2005 |
| 082 | 0 | 0 |
_a339.4/6/0947 _222 |
| 100 | 1 | _aAlam, Asad. | |
| 245 | 1 | 0 |
_aGrowth, poverty, and inequality : _bEastern Europe and the former Soviet Union / _cAsad Alam, Mamta Murthi, Ruslan Yemtsov ... [et al.]. |
| 260 |
_aWashington, DC : _bWorld Bank, _cc2005. |
||
| 300 |
_axix, 302 p. : _bill. (some col.) ; _c25 cm. |
||
| 504 | _aIncludes bibliographical references (p. 279-291) and index. | ||
| 650 | 0 |
_aPoverty _zEurope, Eastern. |
|
| 650 | 0 |
_aPoverty _zFormer Soviet republics. |
|
| 650 | 0 |
_aEquality _zEurope, Eastern. |
|
| 650 | 0 |
_aEquality _zFormer Soviet republics. |
|
| 651 | 0 |
_aEurope, Eastern _xEconomic conditions _y1989- |
|
| 651 | 0 |
_aFormer Soviet republics _xEconomic conditions. |
|
| 700 | 1 |
_aMurthi, Mamta, _d1965- |
|
| 700 | 1 | _aYemtsov, Ruslan. | |
| 906 |
_a7 _bcbc _corignew _d1 _eocip _f20 _gy-gencatlg |
||
| 942 |
_2lcc _cSBK |
||
| 999 |
_c14525 _d14525 |
||